Central Library OPAC University of Rajshahi

Essays in the Public Philosophy / (Record no. 40853)

MARC details
000 -LEADER
fixed length control field 00734nam a2200253 a 4500
001 - CONTROL NUMBER
control field 40853
003 - CONTROL NUMBER IDENTIFIER
rucl marc code (BD-RJUL)
005 - DATE AND TIME OF LATEST TRANSACTION
control field 20211209053303.0
008 - FIXED-LENGTH DATA ELEMENTS--GENERAL INFORMATION
fixed length control field 160511s1955 000 0 eng u
035 ## - SYSTEM CONTROL NUMBER
System control number BD-RjUL40968
040 ## - CATALOGING SOURCE
Original cataloging agency AKR
Language of cataloging eng
Transcribing agency BD-RjUL
041 ## - LANGUAGE CODE
Language code of text/sound track or separate title eng
082 ## - DEWEY DECIMAL CLASSIFICATION NUMBER
Edition number 23
Classification number 321.8
Author mark and year LIE 1955
100 1# - MAIN ENTRY--PERSONAL NAME
Personal name Lippmann, Walter,
Dates associated with a name 1889-1974.
9 (RLIN) 125725
245 10 - TITLE STATEMENT
Title Essays in the Public Philosophy /
Statement of responsibility, etc. by Walter Lippmann
260 ## - PUBLICATION, DISTRIBUTION, ETC. (IMPRINT)
Place of publication, distribution, etc. New York :
Name of publisher, distributor, etc. New American Library,
Date of publication, distribution, etc. 1955
300 ## - PHYSICAL DESCRIPTION
Pagination xiii, 189 p. ;
Size 21 cm.
490 0# - SERIES STATEMENT
Series statement Mentor book ;
Volume/sequential designation MT 718
500 ## - GENERAL NOTE
General note "Authorized reprint."
650 #0 - SUBJECT ADDED ENTRY--TOPICAL TERM
Topical term or geographic name as entry element Democracy
9 (RLIN) 125726
Topical term or geographic name as entry element Political science
9 (RLIN) 125727
942 ## - ADDED ENTRY ELEMENTS (KOHA)
Source of classification or shelving scheme Dewey Decimal Classification
Koha item type Books
Holdings
Lost status Source of classification or shelving scheme Damaged status Not for loan Collection code Permanent Location Current Location Shelving location Date acquired Source of acquisition Total Checkouts Full call number Date last seen Copy number Koha item type
  Dewey Decimal Classification   Not For Loan Non-fiction Central Library, University of Rajshahi Central Library, University of Rajshahi Reading Room 27/02/1958 U.S.I.S   321.8 LIE 1955 11/05/2016 C-1 Books